| 000 | 02171nam a2200421 c 4500 | ||
|---|---|---|---|
| 003 | BLK | ||
| 005 | 20250208102821.0 | ||
| 008 | 180408b bul|||||r ||||||| ||bul|| | ||
| 010 | _aKNG00086900000 | ||
| 020 |
_a978-954-524-651-7 _bиздат.: Унив. изд. Св. св. Кирил и Методий - на том(ч. 1) |
||
| 040 | _aBLK | ||
| 041 |
_aBUL _cBUL |
||
| 080 |
_aБългарска литература _b821.163.2 _x(091) _z821.163.2(091) |
||
| 080 |
_aПериод на кризата на феодализма, зараждане на капиталистически отношения. Възраждане на българския народ (II пол. на ХVIII в. - 1878 г.) _b94(497.2)"1750/1878" _x(092) _z94(497.2)"1750/1878"(092) |
||
| 080 |
_aЦивилизация. Култура. Прогрес. История на културата вж 930.85 _b008 _x(497.2)"17/18" _z008(497.2)"17/18" |
||
| 080 |
_aБиографии _b929 _x(497.2) _z929(497.2) |
||
| 100 | 1 |
_aРадев, Иван Николов _eпърви автор _9363332 |
|
| 139 |
_aРадев, Иван Николов _bР 12 |
||
| 245 | 1 | 0 |
_aЛитература и култура на Възраждането _bЧ. 1 - _cИван Николов Радев. _nЧ. 1 _pЛичности и явления от втория ред |
| 257 | _aBGR | ||
| 260 |
_аВ. Търново _c2008 - |
||
| 300 | _c24 см | ||
| 380 | _a82 | ||
| 650 | 4 |
_aБългарска литература, възрожденска _9242483 |
|
| 650 | 4 |
_aВъзрожденци, български _9246435 |
|
| 653 | _aВъзраждане | ||
| 653 | _aлитература | ||
| 653 | _aкултура | ||
| 653 | _aдейци | ||
| 653 | _aБългария | ||
| 760 | 1 |
_3- на том(ч. 1) _aРадев, Иван Николов _dУнив. изд. Св. св. Кирил и Методий, 2008 _h391 с. _tЧ. 1 Личности и явления от втория ред |
|
| 852 | _aЦб 242135 | ||
| 856 | 4 |
_qpdf _u |
|
| 856 | 4 |
_qpdf _u |
|
| 942 |
_cKNG _n0 _04 |
||
| 944 |
_aCR _c12.12.2008 _lМартин Енчев _k30575 |
||
| 944 |
_aED _c21.10.2009 _lф / _k |
||
| 999 |
_c82369 _d82369 |
||